000 01371nab a22002297a 4500
999 _c5483
_d5483
003 OSt
005 20251210102706.0
008 190604e xxu||||| |||| 00| 0 spa d
040 _cPJ
100 _96479
_aDi Nicco, Jorge A.
245 1 3 _aEl cuidado de nuestra casa común y el respeto en su integridad por la dignidad humana que nos dejó el papa Francisco. Su correlato con el instituto de la usucapión /
_cJorge A. Di Nicco, Martín Darío Benítez.
260 _aCiudad Autónoma de Buenos Aires :
_bThomson Reuters La Ley,
_c2025.
300 _ap. 93-126
500 _aCita Online: TR LALEY AR/DOC/1802/2025.
505 _aSumario: I. Introducción.— II. La carta encíclica Laudato si y la exhortación apostólica Laudate Deum.— III. La legislación canónica en Argentina.— IV. La usucapión en el Código Civil y Comercial.— V. La Iglesia católica como parte actora o demandada en el juicio de usucapión.— VI. Reflexiones finales.
505 _t¿Te interesa el texto completo? Solicitalo al correo: koha@justierradelfuego.gov.ar
650 0 _9352
_aDERECHO CIVIL
650 0 _92324
_aPRESCRIPCIÓN ADQUISITIVA
700 _96006
_aBenítez, Martín Darío
_ecoautor
773 0 _02714
_93171
_dCiudad Autónoma de Buenos Aires : Thomson Reuters La Ley, 2014-
_tRevista anales de legislación argentina. Nº 8 - Agosto 2025.
942 _2udc
_cANA